[Event "Pereyra mem-A email "]
[Site "CAPA email"]
[Date "1999.??.??"]
[Round "15"]
[White "Binelli, Rodolfo Eduardo"]
[Black "Bonatti, Walter Fabian"]
[Result "1-0"]
[WhiteElo "2476"]
[BlackElo "2512"]
[PlyCount "101"]
[EventDate "1999.10.15"]
[EventType "tourn (corr)"]
[EventRounds "14"]
[EventCountry "ARG"]
[EventCategory "11"]
[SourceTitle "Corr 2002"]
[Source "ChessBase"]
[SourceDate "2002.05.23"]
[SourceVersion "1"]
[SourceVersionDate "2002.05.23"]
[SourceQuality "1"]

1. d4 e6 2. c4 f5 3. g3 Nf6 4. Bg2 d5 5. Nf3 c6 6. 0-0 Bd6 7. b3 Qe7 8. Ne5 0-0 9. Bb2 Bd7 10. Nd2 Be8 11. Ndf3 Nbd7 12. Nd3 Ne4 13. Nfe5 Nxe5 14. dxe5 Ba3 15. Bxa3 Qxa3 16. Qc1 Qe7 17. f3 Ng5 18. Rd1 Bd7 19. c5 Nf7 20. Qc3 Nh8 21. e3 g5 22. f4 h6 23. b4 Ng6 24. a4 Kh8 25. Bf3 Rg8 26. Bh5 Nf8 27. Qb2 a6 28. Kf2 Nh7 29. Nc1 Rg7 30. Ne2 Rag8 31. Qc3 Be8 32. Bxe8 Qxe8 33. Nd4 h5 34. b5 axb5 35. axb5 cxb5 36. Rab1 h4 37. Rh1 Qe7 38. Rxb5 Ra8 39. Ra1 Rxa1 40. Qxa1 Nf8 41. Qa8 Kh7 42. Nf3 gxf4 43. exf4 Ng6 44. Qc8 hxg3+ 45. hxg3 Nf8 46. Ng5+ Kg8 47. Rb6 Qc7 48. Qxf8+ Kxf8 49. Nxe6+ Ke8 50. Nxc7+ Rxc7 51. Ke3 1-0

[Event "Pereyra mem-A email "]
[Site "CAPA email"]
[Date "1999.??.??"]
[Round "6"]
[White "Binelli, Rodolfo Eduardo"]
[Black "Kunzmann, Hector AT"]
[Result "1-0"]
[WhiteElo "2476"]
[BlackElo "2456"]
[PlyCount "107"]
[EventDate "1999.10.15"]
[EventType "tourn (corr)"]
[EventRounds "14"]
[EventCountry "ARG"]
[EventCategory "11"]
[SourceTitle "Corr 2002"]
[Source "ChessBase"]
[SourceDate "2002.05.23"]
[SourceVersion "1"]
[SourceVersionDate "2002.05.23"]
[SourceQuality "1"]

1. d4 Nf6 2. c4 g6 3. Nc3 d5 4. cxd5 Nxd5 5. e4 Nxc3 6. bxc3 Bg7 7. Nf3 c5 8. Rb1 0-0 9. Be2 cxd4 10. cxd4 Qa5+ 11. Bd2 Qxa2 12. 0-0 Bg4 13. Bg5 h6 14. Be3 Nc6 15. d5 Ne5 16. Rxb7 e6 17. d6 Nxf3+ 18. gxf3 Bh3 19. Re1 Rfb8 20. Qb1 Qxb1 21. Rexb1 Rxb7 22. Rxb7 a5 23. f4 Bf6 24. e5 Bd8 25. Bf3 Kg7 26. d7 Be7 27. Bc6 Rg8 28. f3 Bf5 29. Rc7 Bc2 30. Rc8 Bd8 31. Rxd8 Rxd8 32. Bb6 Rxd7 33. Bxd7 a4 34. Bc5 g5 35. fxg5 hxg5 36. Be7 Kg6 37. Be8 Kg7 38. Bxg5 Kf8 39. Bb5 a3 40. Bc1 a2 41. Bb2 Kg7 42. Bc4 Bb1 43. Kf2 Kg6 44. f4 Kf5 45. Kg3 Kg6 46. h4 Kh6 47. f5 Bxf5 48. Bxa2 Bd3 49. Bb3 Be2 50. Bc1+ Kg7 51. Bg5 Bh5 52. Bc2 Be2 53. Kf4 Bh5 54. Be7 1-0

[Event "Pereyra mem-A email "]
[Site "CAPA email"]
[Date "1999.??.??"]
[Round "9"]
[White "Binelli, Rodolfo Eduardo"]
[Black "Pecot, Laurent"]
[Result "1/2-1/2"]
[WhiteElo "2476"]
[BlackElo "2512"]
[PlyCount "79"]
[EventDate "1999.10.15"]
[EventType "tourn (corr)"]
[EventRounds "14"]
[EventCountry "ARG"]
[EventCategory "11"]
[SourceTitle "Corr 2002"]
[Source "ChessBase"]
[SourceDate "2002.05.23"]
[SourceVersion "1"]
[SourceVersionDate "2002.05.23"]
[SourceQuality "1"]

1. d4 d5 2. c4 e6 3. Nc3 c5 4. cxd5 exd5 5. Nf3 Nc6 6. g3 Nf6 7. Bg2 Be7 8. 0-0 0-0 9. Bg5 c4 10. Ne5 Be6 11. Nxc6 bxc6 12. b3 Qa5 13. Na4 Rfd8 14. e3 Rac8 15. Bxf6 gxf6 16. Qh5 c5 17. dxc5 Bxc5 18. Nxc5 Qxc5 19. Rfd1 c3 20. Rac1 Qc7 21. Rd4 c2 22. Rd2 Qc3 23. Rdxc2 Qxc2 24. Rxc2 Rxc2 25. Qh6 Rc1+ 26. Bf1 Rdc8 27. Kg2 Bf5 28. Be2 Bg6 29. h4 R8c2 30. Bf3 Rxa2 31. Qf4 Rcc2 32. Bxd5 Kg7 33. g4 Rxf2+ 34. Qxf2 Rxf2+ 35. Kxf2 Bd3 36. e4 a5 37. Ke3 Bb5 38. Bc4 Bd7 39. Be2 a4 40. bxa4 1/2-1/2

[Event "ARG Maestros6 corr9801"]
[Site "Argentina"]
[Date "1998.??.??"]
[Round "8"]
[White "Binelli, Rodolfo Eduardo"]
[Black "Molo, Rene Angel"]
[Result "1/2-1/2"]
[WhiteElo "2499"]
[BlackElo "2397"]
[PlyCount "61"]
[EventDate "1998.08.28"]
[EventType "tourn (corr)"]
[EventRounds "8"]
[EventCountry "ARG"]
[SourceTitle "Corr 2002"]
[Source "ChessBase"]
[SourceDate "2002.05.23"]
[SourceVersion "1"]
[SourceVersionDate "2002.05.23"]
[SourceQuality "1"]

1. c4 e5 2. Nc3 Nc6 3. Nf3 Nf6 4. g3 g6 5. Bg2 Bg7 6. 0-0 0-0 7. d4 exd4 8. Nxd4 Re8 9. Nc2 d6 10. e4 Nd7 11. Qd2 a6 12. b3 Rb8 13. Bb2 b5 14. Ne3 Nc5 15. cxb5 axb5 16. Ncd5 b4 17. Bxg7 Kxg7 18. g4 h6 19. Rac1 Bd7 20. f4 f6 21. g5 hxg5 22. fxg5 fxg5 23. Nf6 Re5 24. Neg4 Bxg4 25. Nxg4 Qe7 26. Nxe5 Nxe5 27. Qd4 Ncd3 28. Qa7 Nxc1 29. Qxb8 Ne2+ 30. Kh1 c5 31. Qc8 1/2-1/2

[Event "ARG Maestros6 corr9801"]
[Site "Argentina"]
[Date "1998.??.??"]
[Round "1"]
[White "Binelli, Rodolfo Eduardo"]
[Black "Rodriguez, Guillermo Daniel"]
[Result "1-0"]
[WhiteElo "2499"]
[BlackElo "2374"]
[PlyCount "61"]
[EventDate "1998.08.28"]
[EventType "tourn (corr)"]
[EventRounds "8"]
[EventCountry "ARG"]
[SourceTitle "Corr 2002"]
[Source "ChessBase"]
[SourceDate "2002.05.23"]
[SourceVersion "1"]
[SourceVersionDate "2002.05.23"]
[SourceQuality "1"]

1. d4 e6 2. c4 d5 3. Nc3 c5 4. cxd5 exd5 5. Nf3 Nc6 6. g3 Nf6 7. Bg2 Be7 8. 0-0 0-0 9. Bg5 cxd4 10. Nxd4 h6 11. Be3 Re8 12. Rc1 Bf8 13. Nxc6 bxc6 14. Na4 Ng4 15. Bc5 Ba6 16. Re1 Qf6 17. Bd4 Qg6 18. Nc5 Bxc5 19. Rxc5 Re7 20. Ra5 Bc8 21. e4 Be6 22. exd5 cxd5 23. Bxd5 Rd8 24. Be4 f5 25. Bxf5 Qf7 26. Rxe6 Rxe6 27. Qxg4 Re1+ 28. Kg2 h5 29. Bh7+ Kxh7 30. Rxh5+ Kg8 31. Bxg7 1-0

[Event "SSKK 60 jub corr"]
[Site "Sweden"]
[Date "1998.??.??"]
[Round "?"]
[White "Edwards, Jonathan"]
[Black "Binelli, Rodolfo Eduardo"]
[Result "1/2-1/2"]
[WhiteElo "2475"]
[BlackElo "2542"]
[PlyCount "69"]
[EventDate "1998.??.??"]
[EventType "tourn (corr)"]
[EventRounds "14"]
[EventCountry "SWE"]
[EventCategory "12"]
[SourceTitle "Corr 2002"]
[Source "ChessBase"]
[SourceDate "2002.05.23"]
[SourceVersion "1"]
[SourceVersionDate "2002.05.23"]
[SourceQuality "1"]

1. e4 c5 2. Nf3 Nc6 3. d4 cxd4 4. Nxd4 Nf6 5. Nc3 e5 6. Ndb5 d6 7. Bg5 a6 8. Na3 b5 9. Nd5 Qa5+ 10. Bd2 Qd8 11. c4 Nxe4 12. cxb5 Be6 13. Bc4 Ne7 14. 0-0 Bxd5 15. Bxd5 Nxd5 16. Ba5 Nb6 17. Bxb6 Qxb6 18. Qd5 Rc8 19. Qxe4 axb5 20. Rac1 Rb8 21. Rc6 Qb7 22. Rfc1 b4 23. Nc4 Be7 24. Nxd6+ Bxd6 25. Qd3 0-0 26. Rxd6 Qb5 27. Qb3 Rbc8 28. Rxc8 Rxc8 29. a4 Rc1+ 30. Rd1 Qc5 31. g3 h6 32. h3 e4 33. Rxc1 Qxc1+ 34. Kg2 Qc6 35. Kh2 1/2-1/2

[Event "ARG-Cup5 Maestros corr"]
[Site "Argentina"]
[Date "1996.??.??"]
[Round "?"]
[White "Binelli, Rodolfo Eduardo"]
[Black "Parnenzini, Pedro Alfonso"]
[Result "1/2-1/2"]
[WhiteElo "2200"]
[BlackElo "2200"]
[PlyCount "52"]
[EventDate "1997.??.??"]
[EventType "tourn (corr)"]
[EventRounds "13"]
[EventCountry "ARG"]
[SourceTitle "Corr 2000"]
[Source "ChessBase"]
[SourceDate "2000.04.19"]
[SourceVersion "1"]
[SourceVersionDate "2000.04.19"]
[SourceQuality "1"]

1. d4 Nf6 2. c4 g6 3. Nc3 d5 4. cxd5 Nxd5 5. e4 Nxc3 6. bxc3 Bg7 7. Nf3 c5 8. Rb1 0-0 9. Be2 cxd4 10. cxd4 Qa5+ 11. Bd2 Qxa2 12. 0-0 Bg4 13. Bg5 h6 14. Be3 Nc6 15. d5 Na5 16. Rb4 Bxf3 17. Bxf3 Nc4 18. Bd4 Nd2 19. Rb2 Nxf3+ 20. Qxf3 Qa6 21. Bxg7 Kxg7 22. Qc3+ Kg8 23. Qc7 Qd6 24. Rxb7 Qxc7 25. Rxc7 a5 26. Ra1 Rfb8 1/2-1/2

[Event "ARG-Cup5 Maestros corr"]
[Site "Argentina"]
[Date "1996.??.??"]
[Round "?"]
[White "Binelli, Rodolfo Eduardo"]
[Black "Vogel, Enri"]
[Result "1/2-1/2"]
[WhiteElo "2200"]
[BlackElo "2200"]
[PlyCount "60"]
[EventDate "1997.??.??"]
[EventType "tourn (corr)"]
[EventRounds "13"]
[EventCountry "ARG"]
[SourceTitle "Corr 2000"]
[Source "ChessBase"]
[SourceDate "2000.04.19"]
[SourceVersion "1"]
[SourceVersionDate "2000.04.19"]
[SourceQuality "1"]

1. d4 d5 2. c4 dxc4 3. e4 c5 4. d5 Nf6 5. Nc3 e6 6. Bxc4 exd5 7. Nxd5 Nxd5 8. Bxd5 Qc7 9. Ne2 Bd6 10. f4 0-0 11. 0-0 Nc6 12. Nc3 a6 13. e5 Be7 14. Qh5 g6 15. Qh6 Nd4 16. Be4 Be6 17. f5 Bxf5 18. Bxf5 Nxf5 19. Rxf5 gxf5 20. Bg5 f6 21. exf6 Bd6 22. Rd1 Be5 23. Nd5 Qf7 24. Re1 Bd4+ 25. Kh1 Rfe8 26. Ne7+ Kh8 27. h4 Rf8 28. h5 Bxf6 29. Ng6+ Kg8 30. Ne7+ Kh8 1/2-1/2